Statistiques concernant TOP 20 des Même chansons #NOPLP

Cliquez ici pour prendre le quiz!

Statistiques générales

  • Ce quiz a été pris 16 fois
  • Le résultat moyen est 3 sur 20

Statistiques - réponses

NB MCDernière foisChanson% Correct
3427/06/2022 (2)Ma philosophie
42%
3704/03/2022 (2)Le jerk
33%
3007/05/2022 (2)Pour que tu m'aimes encore
25%
3214/10/2022 (2)Aïcha
17%
3204/05/2022 (2)Femme libérée
17%
3014/02/2023 (1)Je t'aime
17%
3407/04/2023 (3)La groupie du pianiste
17%
3004/04/2022 (2)L'Aziza
17%
3520/05/2022 (2)Les Champs-Elysées
17%
2906/06/2022 (2)Nuit de folie
17%
3103/01/2023 (1)Double Je
8%
2822/03/2023 (2)Foule sentimentale
8%
2901/10/2022 (2)Harley Davidson
8%
3116/02/2023 (1)Savoir aimer
8%
2803/03/2023 (1)Besoin de rien envie de toi
0%
2810/02/2023 (2)La lettre
0%
2821/02/2023 (1)Lucie
0%
2927/08/2022 (1)Marcia Baïla
0%
3001/02/2023 (1)Seul
0%
2927/01/2023 (1)Tandem
0%

Distribution des résultats

Percentile par nombre de réponses

% des personnes avec chaque résultat

Votre développement - résultats

Vous n’avez pas pris ce quiz